• 首页
  • 本馆介绍
  • 公告通知
  • 最新文献
  • 馆藏检索
  • 电子资源
  • 读者导购
  • 参考咨询
  • 我的图书馆
  • 登录
  • 详细信息显示
  • 放入我的书架
  • 预约/预借图书
  • 作者相关作品
  • 分类相关作品
  • 丛书相关作品
  • 出版社相关作品

书目信息

  • 表格格式
  • 工作单格式
  • 卡片格式
题名:
现代应用数学基础
    
 
作者: 吉洪诺夫 , Тихонов , 科斯托马罗夫 , Костомаров 著 ;郑宏业 译
分册:  
出版信息: 北京   北京师范大学出版社  1986
页数: 201页
开本: 19cm
丛书名:
单 册:
中图分类: O29
科图分类:
主题词: 应用数学
电子资源:
ISBN:
000 00928nam0 2200289 45
001 0186011378
005 20040917085133.4
010    @dCNY1.00
091    @a13243.119
100    @a19900818d1986 em y0chiy0121 ea
101 1  @achi@crus
102    @aCN@b110000
105    @ay z 000yy
106    @ar
200 10 @a现代应用数学基础@Axian dai ying yong shu xue ji chu@f(苏)吉洪诺夫(Тихонов, А.Н.), (苏)科斯托马罗夫(Костомаров,Д.П.)著@g郑宏业译
210    @a北京@c北京师范大学出版社@d1986
215    @a201页@d19cm
606    @a应用数学
690    @aO29@v3
701  1 @a吉洪诺夫@Aji hong nuo fu@bА.Н.@4著
701 A1 @aТихонов@bА.Н.@4著
701  1 @a科斯托马罗夫@Ake si tuo ma luo fu@bД.П.@4著
701 A1 @aКостомаров@bД.П.@4著
702  0 @a郑宏业@Azheng hong ye@4译
801  0 @aCN@b深圳图书馆@c20040519
801  2 @aCN@bNLC@c20040519
905    @dO29@e12@b240834@f1
    
    现代应用数学基础/(苏)吉洪诺夫(Тихонов, А.Н.), (苏)科斯托马罗夫(Костомаров,Д.П.)著/郑宏业译.-北京:北京师范大学出版社,1986
    201页;19cm
    
    
    ISBN :CNY1.00
    
●
相关链接 在E读中查询图书 在五车中查询图书 在当当中查询图书 在豆瓣中查询图书


正题名:现代应用数学基础     索取号:O29/12         预约/预借

序号 登录号 条形码 馆藏地/架位号 状态 备注
1 0240833   001445449   第三借阅区/ [索取号:O29/12] 在馆    
2 0240834   001959090   第三借阅区/ [索取号:O29/12] 在馆    
3 0240835   001445476   第三借阅区/ [索取号:O29/12] 在馆    
4 0240836   001445485   第三借阅区/ [索取号:O29/12] 在馆    
5 0240837   001445537   第二样本阅览室/ [索取号:O29/12] 在馆    
唐山师范学院图书馆 欢迎您!
大连网信软件有限公司© 版权所有